Temnostín
Saved in:
| Main Author | |
|---|---|
| Format | Electronic eBook |
| Language | Czech |
| Published |
Yoli
2025
|
| Edition | 1. elektronické vydání |
| Subjects | |
| Online Access | Dostupné v BOOKPORT po přihlášení pomocí eduID |
| ISBN | 978-80-284-0198-6 978-80-284-0197-9 |
| Physical Description | 1 online zdroj (432 stran) |
Cover
| LEADER | 00000nam a2200000 i 4500 | ||
|---|---|---|---|
| 001 | bkp633282349 | ||
| 003 | CZ-prgp | ||
| 005 | 20260219132741.0 | ||
| 006 | m o d | ||
| 007 | cr cn | ||
| 008 | 260219s2025 xr o 000 1 cze | ||
| 020 | |a 978-80-284-0198-6 |c 399 Kč |q (online ; epub) | ||
| 020 | |a 978-80-284-0197-9 |c 399 Kč |q (print) | ||
| 040 | |a Grada |b cze |e rda | ||
| 100 | 1 | |a Alex, Aster | |
| 245 | 1 | 0 | |a Temnostín |c Aster Alex |
| 250 | |a 1. elektronické vydání | ||
| 264 | 1 | |b Yoli |c 2025 | |
| 300 | |a 1 online zdroj (432 stran) | ||
| 336 | |a text |b txt |2 rdacontent | ||
| 337 | |a počítač |b c |2 rdamedia | ||
| 338 | |a online zdroj |b cr |2 rdacarrier | ||
| 520 | 3 | |a Pokračování bestselleru a hitu sociálních sítí Storočí. Isle se podařilo zlomit kletby, které sužovaly šestici říší, a stala se nově zvolenou vládkyní. Odkud se bere její moc je však spoustě lidem záhadou. Ne všichni vládci navíc její vítězství přijali dobře, a dokonce i v Islině bezprostředním okolí se najdou tací, kteří nevěří, že bylo zasloužené. A zatímco se k její říši blíží jistá smrt, Isla si uvědomuje, že skutečným zrádcem je její vlastní srdce. Doporučený věk 15+ | |
| 650 | 0 | 4 | |a Young Adult, New Adult |
| 650 | 0 | 4 | |a Beletrie pro děti |
| 856 | 4 | 0 | |u https://www.bookport.cz/AccountSaml/SignIn/?idp=https://shibboleth.utb.cz/idp/shibboleth&returnUrl=/kniha/temnostin-15791/ |y Dostupné v BOOKPORT po přihlášení pomocí eduID |